000 01055nam0a22002291 4500
001 rc\4924458
005 20260407004941.0
035 _a(NLR Aleph) 008843173
090 _a8355539
_c8355539
100 _a20130426d19629999|||y0rusy50 ca
101 0 _arus
102 _aRU
105 _ay z |||||
200 1 _aИнформационно-методические материалы
_e[В помощь общественному физкультурному активу ДСО "Урожай РСФСР"]
_fЦентр. совет ДСО "Урожай" РСФСР
210 _aМосква
_cБ. и.
_d1962-
710 0 2 _a"Урожай", всесоюзное спортивное общество
_3RU\NLR\AUTH\889995882
_9488790
801 0 _aRU
_bNLR
_gpsbo
801 1 _aRU
_bELAR
_2rusmarc
830 _aПеречень имеющихся в библиотеке томов, номеров, годов этого издания смотри в каталоге периодических изданий
852 _aNLR
_jП40/88
942 _cBOOK
980 _aNB